000 00818nam a22002417a 4500
005 20170124110123.0
010 _a208156
020 _c15.00
035 _a208156
037 _bCen Lib/Ret
040 _aDPL
_bEN
082 _a954.53
_bMIS
100 _aMishra, Yogendra
_931029
245 _aAn early history of vasali :
_c by Yogendra Mishra
_bom the earliest times to the fall of the Vajjian Republic, circa 484 B.C. /
260 _aDelhi
_bMotilal Banarsidass
_c1962
270 _aBangalow Road Jawahar Nagar
_bDelhi
_e110006
300 _axvii,301p.
_c20cm(Hb)
500 _aIncludes bibliographical reference and index
650 _aVaiśālī (India : City) -- History.
_931030
650 _aOudheid.
_zVaisali.
_931031
700 _930706
942 _2ddc
_cEN
_h954.53
_mMIS
999 _c131165
_d131165